Výročná správa a súvisiace správy podľa novely zákona o účtovníctve od 1.1.2016 a 1.1.2017

V novelizovanej časti zákona o účtovníctve sa menia niektoré ustanovenia týkajúce sa povinných informácií a dopĺňajú sa povinnosti zverejňovať informácie niektorých účtovných jednotiek - subjektov verejného záujmu. Okrem doteraz požadovaných informácií obsahuje výročná správa aj ročnú správu o platb...

Descripción completa

Guardado en:
Detalles Bibliográficos
Autor principal: Pakšiová, Renáta, 1974-
Formato: Capítulo de libro
Lenguaje:eslovaco
Materias:
Etiquetas: Agregar Etiqueta
Sin Etiquetas, Sea el primero en etiquetar este registro!

MARC

LEADER 00000naa a2200000 4500
001 0209783
005 20240502073506.1
041 0 |a slo 
044 |a SK 
245 1 0 |a Výročná správa a súvisiace správy podľa novely zákona o účtovníctve od 1.1.2016 a 1.1.2017  |c Renáta Pakšiová 
520 |a V novelizovanej časti zákona o účtovníctve sa menia niektoré ustanovenia týkajúce sa povinných informácií a dopĺňajú sa povinnosti zverejňovať informácie niektorých účtovných jednotiek - subjektov verejného záujmu. Okrem doteraz požadovaných informácií obsahuje výročná správa aj ročnú správu o platbách orgánom verejnej moci a správu o platbách. 
610 2 0 |a účtovníctvo 
610 2 0 |a správy výročné 
610 2 0 |a legislatíva 
610 2 0 |a novelizácia 
100 1 |a Pakšiová, Renáta, 1974-